| 000 -LEADER |
| fixed length control field |
00667nam a22002177a 4500 |
| 003 - CONTROL NUMBER IDENTIFIER |
| control field |
SLTCLib |
| 008 - FIXED-LENGTH DATA ELEMENTS--GENERAL INFORMATION |
| fixed length control field |
260615b ce ||||| |||| 00| 0 eng d |
| 020 ## - INTERNATIONAL STANDARD BOOK NUMBER |
| International Standard Book Number |
9780071441193 |
| 041 ## - LANGUAGE CODE |
| Language code of text/sound track or separate title |
English Language |
| 080 ## - UNIVERSAL DECIMAL CLASSIFICATION NUMBER |
| Universal Decimal Classification number |
658.562 |
| Item number |
GEO |
| 100 ## - MAIN ENTRY--PERSONAL NAME |
| Personal name |
George, Michael L. |
| 9 (RLIN) |
3608 |
| 245 ## - TITLE STATEMENT |
| Title |
The Lean Six Sigma Pocket Toolbook |
| Remainder of title |
A Quick Reference Guide to Nearly 100vTools for Improving Process Quality, Speed, and Complexity |
| 260 ## - PUBLICATION, DISTRIBUTION, ETC. (IMPRINT) |
| Place of publication, distribution, etc |
New York |
| Name of publisher, distributor, etc |
McGraw-Hill |
| Date of publication, distribution, etc |
2005 |
| 300 ## - PHYSICAL DESCRIPTION |
| Extent |
282p. |
| 650 #0 - SUBJECT ADDED ENTRY--TOPICAL TERM |
| 9 (RLIN) |
3604 |
| Topical term or geographic name as entry element |
Six Sigma |
| 650 #0 - SUBJECT ADDED ENTRY--TOPICAL TERM |
| 9 (RLIN) |
2510 |
| Topical term or geographic name as entry element |
Quality control |
| 700 ## - ADDED ENTRY--PERSONAL NAME |
| 9 (RLIN) |
3605 |
| Personal name |
Rowlands, David |
| 700 ## - ADDED ENTRY--PERSONAL NAME |
| 9 (RLIN) |
3606 |
| Personal name |
Price, Mark |
| 700 ## - ADDED ENTRY--PERSONAL NAME |
| 9 (RLIN) |
3607 |
| Personal name |
Maxey, John |
| 942 ## - ADDED ENTRY ELEMENTS (KOHA) |
| Source of classification or shelving scheme |
|
| Koha item type |
Reference Materials |
| 945 ## - LOCAL PROCESSING INFORMATION (OCLC) |
| a |
3725 |
| b |
Ishara wickramage |
| c |
3725 |
| d |
Ishara wickramage |